02840nam a2200349 a 4500001001000000003000500010005001700015008004100032040000900073090001000082100003700092245014000129264004100269300004200310336002700352337002900379338003900408502003000447520147700477590002801954590002801982590002702010590002702037650005002064650006702114650006802181856005702249901000702306942005602313999001902369952010202388000113125CHAP20260303114254.0170426s2016 mx a fsm |||||||spa d cCHAP aTesis1 aNuñez Terrones, Elvira913204010aDos visiones del territorio :bimplicaciones de la reforma enegética de 2013 en el Remolino, Veracruz /cpor Elvira Nuñez Terrones. aChapingo, Méx. :bEl autor,c2016. a1 recurso en línea (172 páginas). 2rdacontentatextobtxt 2rdamediaacomputadorabc 2rdacarrierarecurso en líneabcr bMCSRcSociologíad2016. aEl 20 de diciembre de 2013, fue promulgada la denominada reforma energética, mediante la cual se modificó profundamente el artículo 27 constitucional, estas adecuaciones legales se complementaron con la posterior publicación del paquete de Leyes reglamentarias de la reforma energética en 2014, entre las que destaca la Ley de Hidrocarburos, por su injerencia sobre la propiedad de núcleos agrarios y propiedad privada. Estas adaptaciones jurídicas notoriamente muestran la perspectiva materialista desde la cual el capital y el Estado visualizan al territorio como simple fuente de recursos, y retrata los procesos mediante los cuales se construyen los mecanismos de dominación territorial, en este caso, a través de las contrarreformas agrarias. La presente investigación tiene como objetivo general analizar las implicaciones jurídicas y socio territoriales de la reforma del 20 de diciembre de 2013 al artículo 27 constitucional, con respecto a la explotación de hidrocarburos en México, a través de la interpretación de un estudio de caso, identificando a esta última forma como una nueva etapa de contrarreforma agraria en México. Visibilizando que el virtual reacomodo territorial que propiciará la ejecución de estos megaproyectos de hidrocarburos también potencializará la fractura del tejido social de cientos de pueblos, comunidades indígenas y campesinas que verán afectados sus territorios con tales proyectos.  aBATCH-UPDb05c20170426 aE11695DGDb10c20170427 aE8697GMMb05c20170426 aE8697GMMb05c2017042614aHidrocarburosxLeyes y legislación.913204114aReforma energéticaxAspectos económicoszVeracruz.913204214aTenencia de la tierraxLeyes y legislaciónzMéxico.9130324 uhttp://10.13.5.2/tesis/sist113125.pdfzDESCARGAR PDF aBK 2Clasificación Universidad Autónoma ChapingocTD c109586d109586 00102local4051708TesDigMaBDbBDcE_Ld2017-04-26l0oTesis digitalr2019-12-31 00:00:00yTD